Statistiques concernant 15 drapeaux d’Europe en 90 secondes

Cliquez ici pour prendre le quiz!

Statistiques générales

  • Ce quiz a été pris 137 fois
  • Le résultat moyen est 14 sur 15

Statistiques - réponses

Réponse% Correct
Albanie
100%
Allemagne
100%
Croatie
100%
France
100%
Gréce
100%
Irlande
100%
Italie
100%
Norvège
100%
Portugal
100%
Royaume-Uni
100%
suède
100%
suisse
100%
Autriche
97%
Pologne
97%
Ukraine
97%
Estonie
96%
Belgique
95%
Danemark
94%
Finlande
94%
Islande
94%
Malte
94%
Russie
93%
Monténégro
91%
Slovénie
91%
Bulgarie
90%
Tchéquie
90%
Bosnie-Herzégovine
89%
Luxembourg
89%
Pays-Bas
89%
Serbie
89%
Biélorussie
88%
Lituanie
87%
Hongrie
86%
Saint marin
85%
Kosovo
84%
Lettonie
84%
Monaco
84%
Vatican
83%
Slovaquie
81%
Liechtenstein
78%

Distribution des résultats

Percentile par nombre de réponses

% des personnes avec chaque résultat

Votre développement - résultats

Vous n’avez pas pris ce quiz